000 00670nam a2200193 i 4500
001 bg
245 0 0 _aAgricultural and environmental policy integration :
_brecent progress and new directions /
_cOrganisation for Economic Co-operation and Development.
260 _aParis :
_bOECD,
_ccop. 1993.
300 _a95 s. :
_b1 wykr. ;
_c24 cm.
650 9 _aIntegracja europejska
_xrolnictwo
_xpolityka
_yod 1989 r.
650 9 _aIntegracja europejska
_xpolityka
_yod 1989 r.
020 _a926413820X
040 _cBPK
041 0 _aen
080 _a338.43:338.23]:339.924(4)"1989/..."
920 _a92-64-13820-X
942 _cKS
008 s pl f |000 0 pol
999 _c31438
_d31438
856 _uhttp://koha.tu.koszalin.pl/cgi-bin/koha/opac-detail.pl?biblionumber=31438
_yKatalog online BPK